| 000 -ლიდერი |
| ფიქსირებული სიგრძის საკონტროლო ველი |
01308nam a2200265Ia 4500 |
| 001 - საკონტროლო ნომერი |
| საკონტროლო ველი |
4691 |
| 003 - საკონტროლო ნომრის იდენტიფიკატორი |
| საკონტროლო ველი |
GE_BSU |
| 005 - ბოლო ოპერაციის თარიღი და დრო |
| საკონტროლო ველი |
20190715175509.0 |
| 008 - ფიქსირებული სიგრძის მონაცემთა ელემენტები - ზოგადი ინფორმაცია |
| ფიქსირებული სიგრძის საკონტროლო ველი |
181216s2003||||ge |||||||||||||| ||geo|| |
| 020 ## - წიგნის საერთაშორისო სტანდარტული ნომერი |
| International Standard Book Number |
99928617 |
| 040 ## - კატალოგიზაციის წყარო |
| Transcribing agency |
GE_BSU |
| 041 ## - ენის კოდი |
| Language code of text/sound track or separate title |
geo |
| 080 ## - უნივერსალური ათობითი კლასიფიკაციის ინდექსი |
| Universal Decimal Classification number |
616.1/4(075.8) ტ–37 |
| 100 ## - მთავარი ჩანაწერი - პიროვნების სახელი |
| Personal name |
ტატიშვილი, ნ. |
| 9 (RLIN) |
3231 |
| 245 ## - ცნობა სათაურის შესახებ |
| Title |
შინაგანი სნეულებები = Principies of clinicai Diagnosis in internal Medicina : |
| Remainder of title |
სახელმძღვ. |
| Statement of responsibility, etc |
ნუგზარ ტატიშვილი, ირაკლი ტატიშვილი ; რედ. გ. სიმონია |
| 264 ## - წარმოების, გამოცემის, დისტრიბუციის და სხვა ცნობები |
| გამოცემის, წარმოების, დისტრიბუციის... ადგილი |
თბილისი : |
| გამოცემის, წარმოების, დისტრიბუციის... სახელწოდება |
საქართველოს მაცნე ; |
| გამოცემის, წარმოების, დისტრიბუციის... თარიღი |
1998. |
| 300 ## - ფიზიკური აღწერა |
| Extent |
783 გვ. : |
| Other physical details |
ილ. ; |
| Dimensions |
29 სმ. |
| 504 ## - BIBLIOGRAPHY, ETC. NOTE |
| Bibliography, etc |
ბიბლიოგრ. : გვ.339 |
| 653 ## - INDEX TERM--UNCONTROLLED |
| Uncontrolled term |
შინაგანი სნეულებები |
| 700 ## - ADDED ENTRY--PERSONAL NAME |
| Personal name |
ტატიშვილი, ირაკლი |
| Relator term |
ავტორი |
| 9 (RLIN) |
3232 |
| 700 ## - ADDED ENTRY--PERSONAL NAME |
| Personal name |
სიმონია, გ. |
| Relator term |
რედაქტორი |
| 9 (RLIN) |
3229 |
| 710 ## - ADDED ENTRY--CORPORATE NAME |
| Corporate name or jurisdiction name as entry element |
საქ. ჯანმრთ. დაცვის სამინისტრო |
| 9 (RLIN) |
3233 |
| 710 ## - ADDED ENTRY--CORPORATE NAME |
| Corporate name or jurisdiction name as entry element |
თბილ. სახელმწ. სამედ. უნ-ტი |
| 9 (RLIN) |
3234 |
| 942 ## - ADDED ENTRY ELEMENTS (KOHA) |
| Koha item type |
წიგნი |
| Source of classification or shelving scheme |
|